000 00974nam a22002417i 4500
050 1 4 _aHF 6161.T63
_bG7623 2006
260 1 _c2006.
003 URS
005 20220117151149.0
008 180110b xxu||||| |||| 00| 0 eng d
100 1 _aGran, Mirah Sheer V,
_eauthor
245 1 0 _aAdvertising strategies of tourism and tourism related establishments in Tanay, Rizal /
_cMirah Sheer V. Gran.
300 _axviii, 76 leaves ;
_billustrations (some colour) :
_c28 cm
336 _2rdacontent
_atext
337 _2rdamedia
_aunmediated
338 _2rdacarrier
_avolume
502 _aThesis
_bBachelor of Science in Tourism
_cUniversity of Rizal System
_d2006
504 _aInclude bibliographical references.
520 _aThis study aimed to analyze the Advertising Strategies of Tourism and Tourism Related Establishments in Tanay, Rizal, Calendar year 2005.
650 0 _aAdvertising
_xTourism
700 1 _aMacapagal, Dorcas S.
_edegree supervisor
942 _2lcc
_cT
999 _c16983
_d16983